| 000 | 00946 a2200229 4500 | ||
|---|---|---|---|
| 003 | Nust | ||
| 005 | 20221116170454.0 | ||
| 010 | _a 87018683 | ||
| 020 | _a0135236975 (pbk.) | ||
| 020 | _a013523705X | ||
| 040 | _cNust | ||
| 082 | 0 | 0 | _a621.366,WIL |
| 100 | 1 |
_aWilson, J. _9102738 |
|
| 245 | 1 | 0 |
_aLasers, principles and applications / _cJ. Wilson, J.F.B. Hawkes. |
| 260 |
_aNew York : _bPrentice Hall, _c1987. |
||
| 300 |
_axii, 308 p. : _bill. ; _c24 cm. |
||
| 440 | 0 |
_aPrentice Hall international series in optoelectronics _9102739 |
|
| 505 | _aLaser Fundamentals (Page-1), Operation Of Practical Lasers (Page-35), Properties Of Laser Radiation (Page-90), Metrological And Scientific Applications (Page-128), Industrial, Medical And Military Applications (Page-165), Holography (Page-204), Optical Information Transmission And Storage (Page-236). | ||
| 650 | 0 | _aLasers. | |
| 700 | 1 |
_aHawkes, J. F. B., _d1942- _9102740 |
|
| 942 |
_2ddc _cBK |
||
| 999 |
_c180970 _d180970 |
||